000
00293 a2200145 4500
001
177263
020
_a
040
_c
Magnum
100
_a
3 Serie - Prof. Marlene - 1998
240
1
0
_a
Folclore
_l
por
245
1
0
_a
Folclore
362
0
_a
1899
697
_a
MAGNITO: FOLCLORE
942
_c
BK
999
_c
177263
_d
177263